Città sopra o sotto il Tropico del Cancro? - Quiz n°11 - Statistics

Statistiche generali
  • Questo quiz è stato fatto 6 volte
  • Il punteggio medio è 7 su 10
Statistiche sulle risposte
Hint Risposta % Corretto
Tirana Nord del Tropico del Cancro
100%
Ankara Nord del Tropico del Cancro
83%
Rabat Nord del Tropico del Cancro
83%
Karachi Nord del Tropico del Cancro
67%
Thimphu Nord del Tropico del Cancro
67%
Bissau Sud del Tropico del Cancro
67%
Yangon Sud del Tropico del Cancro
50%
Bangui Sud del Tropico del Cancro
50%
Bandar Seri Begawan Sud del Tropico del Cancro
50%
Città del Guatemala Sud del Tropico del Cancro
50%
Nessun quiz corrispondente trovato
Distribuzione punteggi
Percentuale di utenti per punteggio
Percentile per numero di risposta
I tuoi punteggi nel tempo
Non hai fatto questo quiz